Responses for Show #339 - Thursday, December 26, 1985

Contestants

[<< previous game]

Jack Brodsky, a motion pidture marketing consultant from Los Angeles, California

Mike Wallis, from Clarkston, Georgia

Pamela Norris, a writer from Sandy Springs, Georgia (whose 2-day cash winnings total $16,800)

[next game >>]

Jeopardy! Round responses

POLITICAL QUOTES
TOYS & GAMES
TV TRIVIA
ETIQUETTE
ART
SONGS WITH "HEART"
    $100 8
Mao Tse-tung

Jack
    $100 12
tetherball

Pamela
    $100 2
Johnny Carson

Pamela
    $100 17
your wife

Jack
    $100 1
"The Last Supper"

Jack
    $100 18
"Heartlight"

Mike
    $200 24
Nicaragua

Jack
    $200 13
(Jack: What is hopscotch?)

jump rope

PamelaJack
    $200 4
football

Pamela
    $200 23
forks

Jack
    $200 3
Impressionism

Jack
    $200 19
"Heart of Gold"

Mike
    $300 25
(Jack: And I don't blame him!)
[end-of-round signal sounds]

the New York subways

Jack
    $300 14
roller skates

Pamela
    $300 9
Roger Moore

Mike
    $300 5
Rembrandt

Pamela
    $300 20
(Mike: What is "Heartland?")
(Alex: Less than a minute to go in the round.)

"With a Song in My Heart"

Mike
    $400 15
darts

Pamela
    $400 10
Robert

Mike
    $400 6
spring

Pamela
    $400 21
"Queen of Hearts"

Mike
    $500 16
slot machine

Pamela
    $500 11
(Pamela: Who are the bartender & Jackie Gleason?)
(Jack: Who were Mr. Dennehy & the bartender?)

Joe the Bartender & Mr. Dennehy

PamelaJack
    $500 7
El Greco

Pamela
    $500 22
"Heartbreak Hotel"

Pamela

Scores at the first commercial break (after clue 11):

Pamela Mike Jack
$1,000 $700 $900

Scores at the end of the Jeopardy! Round:

Pamela Mike Jack
$3,000 $1,100 $1,500

Double Jeopardy! Round responses

RHODE ISLAND
SPORT OF KINGS
FOREIGN PHRASES
WARS
INITIALS
GLASS
    $200 20
Benjamin Franklin

Pamela
    $200 12
jockeys

Jack
    $200 7
Ole!

Pamela
    $200 1
Daughters (of the American Revolution)

Jack
    $200 6
sand

Pamela
    $400 21
George M. Cohan

Jack
    $400 13
(Jack: What is the homestretch?)

backstretch

Jack
Triple Stumper
    $400 8
gaucho

Pamela
    $400 2
Herb Alpert

Mike
    $400 15
Isom glass

Pamela
    $600 24
(Jack: Ratify the Constitution?)
(Pamela: What is declare war?)

declare independence

PamelaJack
Triple Stumper
    $600 14
The Grand National

Pamela
    $600 9
Thank You

Jack
    $600 27
France

Triple Stumper
    $600 3
Delirium tremens

Pamela
    $600 16
glazier

Pamela
    $800 25
bow and arrow

Jack
    $800 19
(Jack: What is a photo finish?)

dead heat

PamelaJack
    $800 10
Midi

Pamela
    $800 26
(Jack: Who is Lon Nol?)

Prince Sihanouk

Jack
Triple Stumper
    $600 4
(Pamela: What are Phineas & Theodore?)

Phineas & Taylor

Pamela
    $800 17
(Jack: What is plexiglass?)

plastic

Jack
Triple Stumper
    $1000 28
[end-of-round signal sounds]

slavery

Triple Stumper
    $1000 22
(Pamela: What is the Kentucky Derby?)
(Jack: What is the Preakness?)
(Mike: What is the Belmont Stakes?)
(Alex: Less than a minute to go in the round.)

the Jersey Derby

PamelaMikeJack
Triple Stumper
    $1000 11
(Mike: What is poltergeist?)

doppelganger

MikeJack
    $1000 23
the American Revolution

Mike
    $1000 5
Morris Garages

Triple Stumper
    $1000 18
Steuben glass

Jack

Scores at the end of the Double Jeopardy! Round:

Pamela Mike Jack
$5,600 $500 $1,300
(lock game)

[wagering suggestions for these scores]

Final Jeopardy! Round responses

AGRICULTURE
MikeWhat is Africa?
$499
JackWhat is South America?
$299
PamelaWhat is Africa?
$600
Africa

Final scores:

Pamela Mike Jack
$6,200 $999 $1,001
3-day champion: $23,000 3rd place: Panasonic compact disc player 2nd place: Trip to Carlisle Bay Beach Resort, Barbados

Game dynamics:

Coryat scores:

Pamela Mike Jack
$6,200 $800 $1,300
21 R,
4 W
(including 1 DD)
7 R,
3 W
(including 1 DD)
15 R,
7 W

Combined Coryat: $8,300

[game] [game scores] [suggest correction]

Game tape date: 1985-09-03
The J! Archive is created by fans, for fans. Scraping, republication, monetization, and malicious use prohibited; this site may use cookies and collect identifying information. See terms. The Jeopardy! game show and all elements thereof, including but not limited to copyright and trademark thereto, are the property of Jeopardy Productions, Inc. and are protected under law. This website is not affiliated with, sponsored by, or operated by Jeopardy Productions, Inc. Join the discussion at JBoard.tv.